| 000 | 00818nam a22001577a 4500 | ||
|---|---|---|---|
| 003 | OSt | ||
| 005 | 20150922160856.0 | ||
| 008 | 150922b xxu||||| |||| 00| 0 eng d | ||
| 040 | _cRUA | ||
| 082 | _aAGR LON 2010 B046 Or.1 | ||
| 100 |
_91136 _aLONH, LENON |
||
| 245 | _aEffect of utilizing fertilizers on ir66 rice variety at chherteal village, prek anchanh commune,mokampaul district, kandal province ប្រសិទ្ធិភាពនៃការប្រើប្រាស់ជីផ្សេងៗគ្នាលើពូជស្រូវអ៊ីអ៊ែ៦៦នៅភូមិឈើទាល ឃុំព្រែកអញ្ចាញ ស្រុកមុខកំពូល ខេត្តកណ្តាល | ||
| 260 |
_aPhnom penh _bRUA _c2010 |
||
| 300 |
_axi, 57p. _bill. _c29cm. |
||
| 942 |
_2ddc _cAGR |
||
| 999 |
_c1088 _d1088 |
||